000
00237nam a22000857a 4500
008
160630b xxu||||| |||| 00| 0 eng d
100
_9
1450
_a
Deshpande, S.V
245
_a
Physics with Numerical Problems & M.C.Qs.
260
_a
DELHI
_b
HAMPRA
_c
2005
999
_c
1197
_d
1197